Ian Wright Clubs - Statistics

General Stats
  • This quiz has been taken 11 times
  • The average score is 4 of 7
Answer Stats
Hint Answer % Correct
1991-1998 Arsenal
100%
1985-1991 Crystal Palace
80%
2000 Burnley
50%
1999-2000 Celtic
50%
1998-1999 West Ham
50%
1999 Nottingham Forest
40%
1985 Greenwich Borough
10%
No matching quizzes found
Score Distribution
Percent of People with Each Score
Percentile by Number Answered
Your Score History
You have not taken this quiz